Giống tảo Dinophysis (Dinoplagellates) ở vùng ven biển Thừa Thiên - Huế /

שמור ב:
מידע ביבליוגרפי
מחבר ראשי: Đặng Thị Thanh H
פורמט: Bài viết
שפה:Vietnamese
נושאים:
תגים: הוספת תג
אין תגיות, היה/י הראשונ/ה לתייג את הרשומה!
Thư viện lưu trữ: Thư viện Trường Đại học Đà Lạt
LEADER 00858nam a2200277 4500
001 DLU040026536
008 ##021230t vn z000 vie d
040 # # |a DLU  |b vie 
041 # # |a vie 
100 # # |a Đặng Thị Thanh Hà 
245 # # |a Giống tảo Dinophysis (Dinoplagellates) ở vùng ven biển Thừa Thiên - Huế /  |c Đặng Thị Thanh Hà 
651 # # |a Thừa Thiên Huế 
653 # # |a Tảo biển 
773 # # |t Tạp chí Khoa học Kỹ thuật Nông Lâm Nghiệp  |g Số 2 - 2003, tr. 75 - 81 
920 # # |a Phòng Tạp chí -- Trung tâm Thông tin - Thư viện Trường Đại học Đà Lạt 
933 # # |a NL 
933 # # |a SH 
994 # # |a DLU 
900 # # |a True 
911 # # |a Thái Thị Thanh Thủy 
925 # # |a G 
926 # # |a A 
927 # # |a BB 
980 # # |a Thư viện Trường Đại học Đà Lạt